书目信息 |
| 题名: |
消费社会学
|
|
| 作者: | 王宁 著 | |
| 分册: | ||
| 出版信息: | 北京 社会科学文献出版社 2001.6 |
|
| 页数: | 362页 | |
| 开本: | 20cm | |
| 丛书名: | 现代社会学文库 | |
| 单 册: | ||
| 中图分类: | C51 | |
| 科图分类: | ||
| 主题词: | 社会科学--丛书 , 消费--社会学 | |
| 电子资源: | ||
| ISBN: | 7-80149-583-7 | |
| 000 | 00724nam0 2200241 45 | |
| 001 | 0207011697 | |
| 005 | 20031219104056.9 | |
| 010 | @a7-80149-583-7@dCNY22.00 | |
| 100 | @a20020701d2001 km y0chiy0120 ea | |
| 101 | 0 | @achi |
| 105 | @a z 000yy | |
| 200 | 1 | @a消费社会学@AXiao Fei She Hui Xue@e一个分析的视角@EYi Ge Fen Xi De Shi Jiao@f王宁著@FWang Ning Zhu |
| 210 | @a北京@c社会科学文献出版社@d2001.6 | |
| 215 | @a362页@d20cm | |
| 225 | @a现代社会学文库 | |
| 410 | @12001 @a现代社会学文库 | |
| 517 | @a一个分析的视角@AYi Ge Fen Xi De Shi Jiao | |
| 606 | 0 | @a社会科学@x丛书 |
| 606 | 0 | @a消费@x社会学 |
| 690 | @aC51@v4 | |
| 701 | 0 | @a王宁@4著 |
| 801 | @aCN@bTSTC@c20020701 | |
| 905 | @b313296-305@dC51@e114:1@f10 | |
| 消费社会学:一个分析的视角/王宁著.-北京:社会科学文献出版社,2001.6 |
| 362页;20cm.-(现代社会学文库) |
| ISBN 7-80149-583-7:CNY22.00 |
| ● |
| 相关链接 |
|
|
|
|
正题名:消费社会学
索取号:C51/114:1
 
预约/预借
| 序号 | 登录号 | 条形码 | 馆藏地/架位号 | 状态 | 备注 |
| 1 | 0313296 | 203132966 | 第一借阅区/ [索取号:C51/114:1] | 在馆 | |
| 2 | 0313297 | 203132975 | 第一借阅区/ [索取号:C51/114:1] | 在馆 | |
| 3 | 0313298 | 203132984 | 第一借阅区/ [索取号:C51/114:1] | 在馆 | |
| 4 | 0313299 | 203132993 | 第一借阅区/ [索取号:C51/114:1] | 在馆 | |
| 5 | 0313300 | 203133000 | 第一借阅区/ [索取号:C51/114:1] | 在馆 | |
| 6 | 0313301 | 203133019 | 第一借阅区/ [索取号:C51/114:1] | 在馆 | |
| 7 | 0313302 | 203133028 | 第一借阅区/ [索取号:C51/114:1] | 在馆 | |
| 8 | 0313303 | 203133037 | 第一借阅区/ [索取号:C51/114:1] | 在馆 | |
| 9 | 0313304 | 203133046 | 第一借阅区/ [索取号:C51/114:1] | 在馆 | |
| 10 | 0313305 | 203133055 | 第一样本阅览室/ [索取号:C51/114:1] | 在馆 |